Quiz Mountain: Geography Stats

Quiz Updated Sep 19, 2016

Challenge
Share
Tweet
Score 0/24 Timer 07:00
6 Plays Today
% Correct
Vatican City
95.7%
Vienna, Budapest, etc.
81.7%
Comoros, Mauritius, etc.
81.7%
The Channel Tunnel
80.8%
Tanzania
79.2%
Cambodia
78.5%
AK, MS, MO
78.4%
Tunisia
78.2%
Borneo, Java, etc.
78%
The Baltic Sea
77.1%
Manitoba & Saskatchewan
71%
The Great Wall of China
68.5%
% Correct
Lagos
61.5%
Lake Titicaca
61.1%
Azerbaijan
60.1%
Prime Meridian
58.9%
Ceylon
56.1%
The Acropolis of Athens
53.5%
Crimea
49.7%
Bhutan
47.1%
Iceland
41.7%
Kingstown, Castries, etc.
37%
Kiribati
35.8%
Mount Elbrus
31.6%

You're not logged in!

Compare scores with friends on all Sporcle quizzes.
Join for Free
OR
Log In

You Might Also Like...

Show Comments

Extras

Top Quizzes Today


Score Distribution

Your Account Isn't Verified!

In order to create a playlist on Sporcle, you need to verify the email address you used during registration. Go to your Sporcle Settings to finish the process.

Report this User

Report this user for behavior that violates our Community Guidelines.

Details: